[Event "Mittelfrankenliga 05/06 (B2b)"]
[Site "Mfr.2005/06-R5"]
[Date "2006.01.29"]
[Round "5.4"]
[White "Naegelein, Andreas"]
[Black "Horneber, Thomas"]
[Result "1-0"]
[WhiteElo "1820"]
[BlackElo "1939"]
[Annotator "Postbauer2-Heilsbronn1"]
[PlyCount "112"]
[EventDate "2006.01.29"]
[SourceDate "2005.10.17"]

1. d4 g6 2. c4 Nf6 3. Nc3 d5 4. cxd5 Nxd5 5. e4 Nxc3 6. bxc3 Bg7 7. Nf3 O-O 8.
Bc4 c5 9. Be3 Nc6 10. O-O Bg4 11. Rb1 Qc7 12. Bd5 cxd4 13. cxd4 e6 14. Bxc6
Qxc6 15. Ne5 Bxe5 16. Qxg4 Bg7 17. Rfc1 Qa6 18. Rc2 Rac8 19. Qe2 Qxe2 20. Rxe2
b6 21. h3 Rc4 22. e5 Rfc8 23. Rbb2 Bf8 24. Rbd2 Bb4 25. Rd3 Rd8 26. g3 a6 27.
Kg2 b5 28. Kf3 Be7 29. Ke4 a5 30. Rb2 b4 31. f4 a4 32. Bd2 Rdc8 33. Rb1 Rb8 34.
Ra3 Rd8 35. Rd3 Bc5 36. Be3 Ba7 37. g4 Rb8 38. Bd2 b3 39. axb3 axb3 40. Be3 b2
41. Rd2 Rcb4 42. Rc2 Rb3 43. Rd2 R8b5 44. Rd3 Bb6 45. Bd2 Bd8 46. Bc3 f5+ 47.
exf6 Bxf6 48. g5 Be7 49. Re3 Bd6 50. Rf3 Kf7 51. Kd3 Bb4 52. Kc2 Bxc3 53. Rxc3
R3b4 54. Kd3 Rd5 55. Rc4 Rb3+ 56. Ke4 Ra3 1-0

[Event "Mittelfrankenliga 05/06 (B2b)"]
[Site "Mfr.2005/06-R5"]
[Date "2006.01.29"]
[Round "5.5"]
[White "Lunz, Dieter"]
[Black "Firla, Erwin"]
[Result "1-0"]
[WhiteElo "1906"]
[BlackElo "1944"]
[Annotator "Postbauer2-Heilsbronn1"]
[PlyCount "51"]
[EventDate "2006.01.29"]
[SourceDate "2005.10.17"]

1. e4 e5 2. Nf3 Nc6 3. Bb5 a6 4. Ba4 Nf6 5. O-O b5 6. Bb3 Be7 7. c3 O-O 8. d4
exd4 9. e5 Ne8 10. cxd4 d5 11. Nc3 Be6 12. Be3 Rc8 13. Rc1 g6 14. Nxb5 Nxe5 15.
Na7 Nxf3+ 16. Qxf3 Ra8 17. Nc6 Qd7 18. Bxd5 Bxd5 19. Qxd5 Bd6 20. Ne5 Qc8 21.
Nd7 Qd8 22. Qc6 Nf6 23. Nxf8 Qxf8 24. Bg5 Nh5 25. Rfe1 Ng7 26. Be7 1-0

[Event "Mittelfrankenliga 05/06 (B2b)"]
[Site "Mfr.2005/06-R5"]
[Date "2006.01.29"]
[Round "5.6"]
[White "Pfeiffer, Georg"]
[Black "Frank, Werner[62]"]
[Result "1-0"]
[WhiteElo "1911"]
[BlackElo "1839"]
[Annotator "Postbauer2-Heilsbronn1"]
[PlyCount "69"]
[EventDate "2006.01.29"]
[SourceDate "2005.10.17"]

1. e4 e5 2. Nf3 d6 3. d4 f5 4. dxe5 fxe4 5. Ng5 d5 6. Nc3 c6 7. Ncxe4 Bf5 8.
Nd6+ Bxd6 9. exd6 Qxd6 10. Bd3 Bxd3 11. Qxd3 h6 12. Qe2+ Ne7 13. Ne6 Kd7 14.
Nd4 g5 15. Qg4+ Ke8 16. O-O Nd7 17. Re1 Kd8 18. Re6 Qc7 19. Rxc6 Qxc6 20. Nxc6+
Nxc6 21. f4 Kc7 22. fxg5 hxg5 23. Qxg5 Rae8 24. Bf4+ Nce5 25. Re1 Rhg8 26.
Bxe5+ Nxe5 27. Qf4 Kd6 28. Qb4+ Kc6 29. Qc3+ Kd6 30. Re3 Rg5 31. Qb4+ Ke6 32.
Qxb7 Reg8 33. Qc6+ Kf7 34. Qxd5+ Kf6 35. Rxe5 1-0

[Event "Mittelfrankenliga 05/06 (B2b)"]
[Site "Mfr.2005/06-R5"]
[Date "2006.01.29"]
[Round "5.7"]
[White "Heinz, Manfred"]
[Black "Mueller, Rudolf[31]"]
[Result "0-1"]
[WhiteElo "1692"]
[BlackElo "1889"]
[Annotator "Postbauer2-Heilsbronn1"]
[PlyCount "120"]
[EventDate "2006.01.29"]
[SourceDate "2005.10.17"]

1. Nf3 d5 2. c4 e6 3. d4 Nf6 4. Nc3 c6 5. e3 Bd6 6. Bd3 Nbd7 7. O-O O-O 8. Qc2
dxc4 9. Bxc4 Qa5 10. e4 e5 11. d5 Qc7 12. dxc6 bxc6 13. Bg5 h6 14. Bh4 Kh8 15.
Rad1 Be7 16. Rd2 Nc5 17. Bg3 Ncd7 18. Nh4 Nh5 19. Nf5 Bg5 20. Rdd1 Nb6 21. Bb3
Nxg3 22. hxg3 Ba6 23. Rfe1 Rad8 24. Rxd8 Rxd8 25. Rd1 g6 26. Nh4 Rd7 27. Na4
Nxa4 28. Rxd7 Qxd7 29. Bxa4 Bb5 30. Nf3 Bf6 31. Bxb5 cxb5 32. Qc5 Kg7 33. Kh2
Qg4 34. Qd5 a6 35. Kg1 Qh5 36. Qc6 Qg4 37. a3 Qe6 38. Qxe6 fxe6 39. Ne1 Be7 40.
Nd3 Kf6 41. b4 Bd6 42. Kf1 h5 43. Ke2 g5 44. Kd2 Ke7 45. Kc3 Kd7 46. f4 exf4
47. e5 fxg3 48. Kd4 h4 49. Ke3 Be7 50. Ne1 Kc6 51. Ke4 a5 52. Nf3 g4 53. Nd4+
Kb6 54. Kf4 axb4 55. axb4 Bxb4 56. Kxg4 Be7 57. Nxe6 b4 58. Nf4 b3 59. Nd5+ Kc5
60. Nxe7 b2 0-1

[Event "Mittelfrankenliga 05/06 (B2b)"]
[Site "Mfr.2005/06-R5"]
[Date "2006.01.29"]
[Round "5.8"]
[White "Lamprecht, Friedrich"]
[Black "Wiedemann, Jan"]
[Result "0-1"]
[WhiteElo "1785"]
[BlackElo "1657"]
[Annotator "Postbauer2-Heilsbronn1"]
[PlyCount "78"]
[EventDate "2006.01.29"]
[SourceDate "2005.10.17"]

1. Nf3 Nf6 2. d4 e6 3. c4 b6 4. Nc3 Be7 5. e3 O-O 6. Bd3 d6 7. Bd2 Nbd7 8. O-O
Bb7 9. Re1 Re8 10. e4 e5 11. d5 Nc5 12. Bc2 a5 13. Qe2 g6 14. h3 Nh5 15. Kh2
Ng7 16. Bh6 Bc8 17. g4 Bd7 18. Rg1 Kh8 19. Qd2 Rg8 20. Raf1 Qf8 21. Ne2 f5 22.
gxf5 gxf5 23. exf5 Bxf5 24. Bxg7+ Rxg7 25. Rxg7 Kxg7 26. Ng5 Bxc2 27. Qxc2 Bxg5
28. Rg1 Qxf2+ 29. Rg2 Qe3 30. Rg3 Qf2+ 31. Rg2 Qf6 32. h4 h6 33. hxg5 hxg5 34.
Kg1 Rf8 35. Ng3 Qg6 36. Qc1 Nd3 37. Qd2 Nf4 38. Rh2 Qb1+ 39. Nf1 Nh3+ 0-1

[Event "Mittelfrankenliga 05/06 (B2a)"]
[Site "Mfr.2005/06-R5"]
[Date "2006.01.29"]
[Round "5.1"]
[White "Krisin, Joachim"]
[Black "Lausen, Berthold,Dr."]
[Result "1/2-1/2"]
[WhiteElo "1898"]
[BlackElo "1960"]
[Annotator "SG/TB Erlangen2-Siem.Erlangen1"]
[PlyCount "88"]
[EventDate "2006.01.29"]
[SourceDate "2005.10.17"]

1. b3 Nf6 2. f4 d5 3. Nf3 g6 4. Bb2 Bg7 5. e3 O-O 6. Be2 c5 7. O-O Nc6 8. Ne5
d4 9. Nxc6 bxc6 10. Bf3 Qd6 11. Na3 Nd5 12. Nc4 Qc7 13. g3 Ba6 14. e4 Nb6 15.
d3 Bxc4 16. dxc4 e5 17. f5 Nd7 18. Qd3 Bh6 19. Bc1 Bxc1 20. Raxc1 g5 21. Qd2 f6
22. h4 gxh4 23. gxh4 Kh8 24. Bh5 Rg8+ 25. Kf2 Rg7 26. Rg1 Rag8 27. Qh6 Qd6 28.
Rxg7 Rxg7 29. Rg1 Rxg1 30. Kxg1 Qe7 31. Kf2 Nb8 32. Qd2 Qb7 33. Qa5 Qb6 34. Qd2
Qc7 35. Bf3 Na6 36. h5 Nb4 37. a3 Na2 38. h6 Nc3 39. Kg1 Qf7 40. Qg2 a5 41. Kf1
Qg8 42. Qxg8+ Kxg8 43. Ke1 Kf8 44. a4 Na2 1/2-1/2

[Event "Mittelfrankenliga 05/06 (B2a)"]
[Site "Mfr.2005/06-R5"]
[Date "2006.01.29"]
[Round "5.3"]
[White "Mueller, Stefan[65]"]
[Black "Albrecht, Thorsten"]
[Result "0-1"]
[WhiteElo "1967"]
[BlackElo "1964"]
[Annotator "SG/TB Erlangen2-Siem.Erlangen1"]
[PlyCount "44"]
[EventDate "2006.01.29"]
[SourceDate "2005.10.17"]

1. e4 e6 2. Qe2 c5 3. g3 Nc6 4. c3 Nge7 5. Bg2 g6 6. d3 Bg7 7. h4 b5 8. h5 b4
9. h6 Bf6 10. f4 d6 11. g4 bxc3 12. bxc3 Qa5 13. Qd2 O-O 14. Ne2 Rb8 15. Na3
Ba6 16. f5 Ne5 17. Rh3 Nxg4 18. Nc2 exf5 19. exf5 Nxf5 20. Be4 Bc8 21. Na3 Ne5
22. Bxf5 Bxf5 0-1

[Event "Mittelfrankenliga 05/06 (B2a)"]
[Site "Mfr.2005/06-R5"]
[Date "2006.01.29"]
[Round "5.4"]
[White "Jillek, Werner,Dr."]
[Black "Weh, Peter"]
[Result "1-0"]
[WhiteElo "1906"]
[BlackElo "1839"]
[Annotator "SG/TB Erlangen2-Siem.Erlangen1"]
[PlyCount "75"]
[EventDate "2006.01.29"]
[SourceDate "2005.10.17"]

1. f4 Nf6 2. e3 d5 3. Nf3 g6 4. b3 Bg7 5. Bb2 Bg4 6. Be2 O-O 7. O-O Nbd7 8. d3
Bxf3 9. Bxf3 c6 10. Nd2 Qc7 11. c4 e6 12. Rc1 Rac8 13. Qe1 Qa5 14. a4 dxc4 15.
Bc3 Qc7 16. bxc4 Nc5 17. Qe2 Ncd7 18. g4 e5 19. f5 Rfd8 20. g5 Ne8 21. fxg6
fxg6 22. Bg4 Nd6 23. Be6+ Kh8 24. Qg4 Ra8 25. Nf3 Nf8 26. Nxe5 Nxe6 27. Nxg6+
hxg6 28. Qh3+ Kg8 29. Qxe6+ Nf7 30. Qxg6 Ne5 31. Qe6+ Kh8 32. Rf4 Nf7 33. Rh4+
Kg8 34. Bxg7 Kxg7 35. Qf6+ Kg8 36. g6 Nh6 37. Rxh6 Qg7 38. Qe6+ 1-0

[Event "Mittelfrankenliga 05/06 (B2a)"]
[Site "Mfr.2005/06-R5"]
[Date "2006.01.29"]
[Round "5.5"]
[White "Staehle, Philipp"]
[Black "Fainberg, Jakob"]
[Result "1-0"]
[WhiteElo "1814"]
[BlackElo "1961"]
[Annotator "SG/TB Erlangen2-Siem.Erlangen1"]
[PlyCount "75"]
[EventDate "2006.01.29"]
[SourceDate "2005.10.17"]

1. e4 e5 2. Nf3 Nc6 3. c3 Nf6 4. Qc2 d5 5. d3 Bc5 6. Be2 O-O 7. O-O h6 8. b4
Bd6 9. Nbd2 Be6 10. Rd1 a5 11. b5 Ne7 12. d4 Ng6 13. dxe5 Nxe5 14. Nxe5 Bxe5
15. Nf3 Qd6 16. exd5 Nxd5 17. Bb2 Bf6 18. a4 Qb6 19. Ne1 Rfd8 20. Nd3 Bf5 21.
Qb3 Be6 22. c4 Ne7 23. Bxf6 gxf6 24. Qc3 Bf5 25. Nf4 c5 26. Nh5 Qe6 27. Bf3
Rxd1+ 28. Rxd1 Rb8 29. Nxf6+ Kf8 30. Bxb7 Qe2 31. Bf3 Qe6 32. Nd7+ Qxd7 33.
Rxd7 Bxd7 34. Qxa5 Re8 35. b6 Bc6 36. Bxc6 Nxc6 37. Qxc5+ Kg8 38. Kf1 1-0

[Event "Mittelfrankenliga 05/06 (B2a)"]
[Site "Mfr.2005/06-R5"]
[Date "2006.01.29"]
[Round "5.6"]
[White "Feist, Rainer"]
[Black "Ziegler, Ronald"]
[Result "0-1"]
[WhiteElo "1627"]
[BlackElo "1876"]
[Annotator "SG/TB Erlangen2-Siem.Erlangen1"]
[PlyCount "66"]
[EventDate "2006.01.29"]
[SourceDate "2005.10.17"]

1. c4 e6 2. d4 d5 3. Nc3 c5 4. cxd5 exd5 5. Nf3 Nc6 6. g3 c4 7. Bg2 Bb4 8. O-O
Nge7 9. a3 Ba5 10. Bg5 f6 11. Bf4 a6 12. h3 b5 13. g4 Bc7 14. Bxc7 Qxc7 15. Re1
Be6 16. e4 O-O-O 17. exd5 Bxd5 18. Nxd5 Nxd5 19. Re4 h5 20. Rc1 hxg4 21. hxg4
Nf4 22. b3 Nd3 23. Rc3 Nde5 24. bxc4 Nxc4 25. Qc1 Rd5 26. a4 f5 27. gxf5 Rxf5
28. axb5 axb5 29. Qe1 Kb7 30. Ne5 Rfh5 31. Nxc6 Rh1+ 32. Bxh1 Qh2+ 33. Kf1
Qxh1+ 0-1

[Event "Mittelfrankenliga 05/06 (B2a)"]
[Site "Mfr.2005/06-R5"]
[Date "2006.01.29"]
[Round "5.7"]
[White "Neulaendtner, Josef"]
[Black "Balhar, Michael"]
[Result "0-1"]
[WhiteElo "1731"]
[BlackElo "1651"]
[Annotator "SG/TB Erlangen2-Siem.Erlangen1"]
[PlyCount "100"]
[EventDate "2006.01.29"]
[SourceDate "2005.10.17"]

1. d4 Nf6 2. c4 c5 3. d5 b5 4. cxb5 a6 5. bxa6 Bxa6 6. g3 d6 7. Bg2 g6 8. Nh3
Bg7 9. Nc3 Nbd7 10. O-O O-O 11. Re1 Ng4 12. Nf4 Qb6 13. h3 Nge5 14. Qc2 Rfb8
15. Rb1 Nc4 16. b3 Qa5 17. bxc4 Qxc3 18. Rxb8+ Rxb8 19. Qd2 Qxd2 20. Bxd2 Rb2
21. Be3 Rxa2 22. h4 Bxc4 23. Bh3 Nb6 24. Rb1 Ra1 25. Rxa1 Bxa1 26. Bg2 Na4 27.
Bd2 Bb3 28. Nd3 c4 29. Nc1 Bb2 30. Nxb3 cxb3 31. Be4 f5 32. Bd3 Bc3 33. Be3 b2
34. f3 Bf6 35. Bd2 Nb6 36. e4 Nc4 37. Bh6 Na3 38. exf5 gxf5 39. Bxf5 b1=Q+ 40.
Bxb1 Nxb1 41. Kf2 Nc3 42. Ke3 Nxd5+ 43. Ke4 Nc3+ 44. Kf5 Kf7 45. Bd2 e6+ 46.
Kg4 Nd5 47. h5 Bd4 48. f4 Nf6+ 49. Kh4 Ne4 50. Be1 Bf2 0-1

[Event "Mittelfrankenliga 05/06 (B2a)"]
[Site "Mfr.2005/06-R5"]
[Date "2006.01.29"]
[Round "5.8"]
[White "Peiberg, Ehrhard"]
[Black "Avdic, Klaudio"]
[Result "1/2-1/2"]
[WhiteElo "1674"]
[BlackElo "1721"]
[Annotator "SG/TB Erlangen2-Siem.Erlangen1"]
[PlyCount "47"]
[EventDate "2006.01.29"]
[SourceDate "2005.10.17"]

1. d4 Nf6 2. c4 g6 3. Nc3 Bg7 4. e4 d6 5. Be2 O-O 6. Bg5 Nc6 7. Qd2 a6 8. d5
Nb8 9. h3 c5 10. Nf3 Nbd7 11. Bh6 Re8 12. O-O Nf8 13. Bxg7 Kxg7 14. Rfe1 h6 15.
Bd3 N8d7 16. e5 dxe5 17. Nxe5 Qc7 18. Qf4 Nxe5 19. Qxe5 Qxe5 20. Rxe5 Bd7 21.
Rae1 Kf8 22. f4 Rab8 23. Ne4 Nxe4 24. R5xe4 1/2-1/2

[Event "Mittelfrankenliga 05/06 (B2a)"]
[Site "Mfr.2005/06-R5"]
[Date "2006.01.29"]
[Round "5.1"]
[White "Foerstel, Stefan"]
[Black "Kuhlmann, Christoph,Dr."]
[Result "1-0"]
[WhiteElo "1823"]
[BlackElo "2097"]
[Annotator "Lauf1-Forchheim3"]
[PlyCount "81"]
[EventDate "2006.01.29"]
[SourceDate "2005.10.17"]

1. e4 g6 2. d4 Bg7 3. Bc4 d6 4. Nf3 Nd7 5. c3 Nb6 6. Bb3 Nf6 7. e5 dxe5 8. Nxe5
O-O 9. Nd2 a5 10. a4 Nfd5 11. Ndf3 c6 12. Be3 Kh8 13. Qd2 f6 14. Nd3 Bg4 15.
Bh6 Bxf3 16. gxf3 e5 17. Bxg7+ Kxg7 18. dxe5 fxe5 19. O-O-O Rxf3 20. Nxe5 Rf5
21. Rhe1 Qh4 22. Nd3 Raf8 23. Kb1 Nc4 24. Qc1 Kh8 25. Rg1 Ndb6 26. h3 Ne5 27.
Nxe5 Rxe5 28. Rg4 Qxf2 29. Rxg6 Re3 30. Rgg1 Qf5+ 31. Bc2 Qe5 32. Rdf1 Rg8 33.
Rxg8+ Kxg8 34. Rg1+ Kh8 35. Qf1 Qe7 36. Ka2 Nd5 37. Qc4 Nf6 38. Bb3 Nd5 39. Qg4
Qf7 40. Qd4+ Qf6 41. Qxe3 1-0

[Event "Mittelfrankenliga 05/06 (B2a)"]
[Site "Mfr.2005/06-R5"]
[Date "2006.01.29"]
[Round "5.2"]
[White "Hauernherm-Thoma, Wolfgang"]
[Black "Gueldner, Udo"]
[Result "1-0"]
[WhiteElo "1746"]
[BlackElo "2071"]
[Annotator "Lauf1-Forchheim3"]
[PlyCount "57"]
[EventDate "2006.01.29"]
[SourceDate "2005.10.17"]

1. d4 d5 2. Nf3 Nf6 3. e3 Bg4 4. c4 e6 5. Qb3 Qc8 6. Ne5 c6 7. Nxg4 Nxg4 8. Nc3
Nd7 9. Bd2 Qc7 10. cxd5 exd5 11. Rc1 Qb6 12. Qc2 Ngf6 13. Bd3 Bd6 14. O-O h5
15. e4 dxe4 16. Nxe4 Nxe4 17. Bxe4 Nf6 18. Bg5 Ng4 19. h3 Qc7 20. g3 f6 21.
Bg6+ Kf8 22. hxg4 fxg5 23. Qf5+ Kg8 24. Qe6+ Kf8 25. Rce1 Qe7 26. gxh5 Rh6 27.
Qb3 Qc7 28. Re6 Rxg6 29. hxg6 1-0

[Event "Mittelfrankenliga 05/06 (B2a)"]
[Site "Mfr.2005/06-R5"]
[Date "2006.01.29"]
[Round "5.3"]
[White "Walter, Eugen[58]"]
[Black "Puschak, Oliver"]
[Result "1-0"]
[WhiteElo "1798"]
[BlackElo "1918"]
[Annotator "Lauf1-Forchheim3"]
[PlyCount "119"]
[EventDate "2006.01.29"]
[SourceDate "2005.10.17"]

1. Nf3 Nf6 2. g3 g6 3. Bg2 Bg7 4. O-O O-O 5. c4 d6 6. d3 Bg4 7. Nbd2 Qc8 8. Re1
c6 9. Qc2 Na6 10. a3 Rb8 11. b4 d5 12. Bb2 Nc7 13. Rac1 Bh3 14. e4 dxe4 15.
dxe4 Bxg2 16. Kxg2 Rd8 17. h3 Ne6 18. e5 Ne8 19. Rcd1 c5 20. Nb3 Qc7 21. b5 b6
22. Rd5 Qb7 23. Red1 Rxd5 24. cxd5 N6c7 25. d6 exd6 26. exd6 Ne6 27. d7 Nf6 28.
Qd3 Rd8 29. Bxf6 Bxf6 30. Qd6 Kg7 31. Qc6 Qxc6 32. bxc6 Kf8 33. Nbd2 Ke7 34.
Nc4 Rf8 35. Nd6 Kd8 36. Re1 Kc7 37. Ne8+ Kxc6 38. Nxf6 b5 39. Ne5+ Kd6 40.
Nxf7+ Rxf7 41. Rxe6+ Kxe6 42. d8=Q Rxf6 43. Qe8+ Kd5 44. Qxb5 Rb6 45. Qd3+ Kc6
46. h4 Rb7 47. Qc4 Kb6 48. g4 Rd7 49. Qe6+ Kc7 50. Qa6 Rd4 51. Qxa7+ Kc6 52. f3
Rd7 53. Qa6+ Kc7 54. Qc4 Kc6 55. a4 Rd4 56. Qb5+ Kd5 57. a5 Rb4 58. Qd3+ Kc6
59. a6 Kb6 60. Qd6+ 1-0

[Event "Mittelfrankenliga 05/06 (B2a)"]
[Site "Mfr.2005/06-R5"]
[Date "2006.01.29"]
[Round "5.4"]
[White "Petersammer, Georg"]
[Black "Schwab, Edgar"]
[Result "1/2-1/2"]
[WhiteElo "1970"]
[BlackElo "1866"]
[Annotator "Lauf1-Forchheim3"]
[PlyCount "48"]
[EventDate "2006.01.29"]
[SourceDate "2005.10.17"]

1. d4 d5 2. Nf3 e6 3. Bg5 Be7 4. Bxe7 Qxe7 5. c3 Nf6 6. Nbd2 Nbd7 7. e3 O-O 8.
Be2 c5 9. O-O b6 10. Re1 e5 11. dxe5 Nxe5 12. Nxe5 Qxe5 13. Bf3 Be6 14. Qa4 Qc7
15. Qh4 Rad8 16. Nf1 Rd6 17. Ng3 Rfd8 18. e4 dxe4 19. Nxe4 Nxe4 20. Bxe4 g6 21.
Bc2 Rd2 22. Rac1 Qd6 23. a3 b5 24. Qg5 Rd5 1/2-1/2

[Event "Mittelfrankenliga 05/06 (B2a)"]
[Site "Mfr.2005/06-R5"]
[Date "2006.01.29"]
[Round "5.5"]
[White "Geier, Erhard"]
[Black "Zach, Andreas[59]"]
[Result "1/2-1/2"]
[WhiteElo "1733"]
[BlackElo "1879"]
[Annotator "Lauf1-Forchheim3"]
[PlyCount "42"]
[EventDate "2006.01.29"]
[SourceDate "2005.10.17"]

1. e4 d5 2. exd5 Nf6 3. Nc3 Nxd5 4. Nxd5 Qxd5 5. d4 Nc6 6. Be3 e5 7. dxe5 Qxe5
8. c3 Bd6 9. Nf3 Qe7 10. Be2 O-O 11. Qd5 Be6 12. Qh5 f6 13. O-O Qf7 14. Qh4
Rad8 15. Rfd1 Be7 16. Qa4 a6 17. Nd4 Nxd4 18. Bxd4 Bd6 19. Bf3 c5 20. Be3 Qc7
21. g3 Bc8 1/2-1/2

[Event "Mittelfrankenliga 05/06 (B2a)"]
[Site "Mfr.2005/06-R5"]
[Date "2006.01.29"]
[Round "5.6"]
[White "Winkler, Marcus[78]"]
[Black "Neth, Tobias"]
[Result "1/2-1/2"]
[WhiteElo "1812"]
[BlackElo "1740"]
[Annotator "Lauf1-Forchheim3"]
[PlyCount "93"]
[EventDate "2006.01.29"]
[SourceDate "2005.10.17"]

1. c4 e5 2. Nc3 Nc6 3. Nf3 Bc5 4. g3 d6 5. a3 a5 6. Bg2 Nge7 7. d3 O-O 8. O-O
Bg4 9. Nd5 Nf5 10. Rb1 Ncd4 11. e3 Nxf3+ 12. Bxf3 Bh3 13. Re1 c6 14. Nc3 Qf6
15. Ne4 Qe7 16. b4 axb4 17. axb4 Bb6 18. Bd2 Rfd8 19. Bh1 Nh6 20. Nc3 f5 21. b5
Qc7 22. Qb3 Ba5 23. bxc6 bxc6 24. Qb7 Rac8 25. Qxc7 Rxc7 26. Ne4 Bxd2 27. Nxd2
Nf7 28. Rb6 Rdc8 29. Ra1 Bg4 30. Kf1 Kf8 31. Raa6 Nd8 32. Ke1 Ke7 33. Nb3 Bh5
34. Kd2 Kd7 35. f4 Ne6 36. Ra5 exf4 37. exf4 Rf8 38. Raa6 Rfc8 39. Kc3 Bf7 40.
d4 Nd8 41. Na5 d5 42. Bf3 dxc4 43. Nxc4 Bxc4 44. Kxc4 Rb7 45. Rxb7+ Nxb7 46.
Ra7 Rc7 47. Kc3 1/2-1/2

[Event "Mittelfrankenliga 05/06 (B2a)"]
[Site "Mfr.2005/06-R5"]
[Date "2006.01.29"]
[Round "5.7"]
[White "Mons, Leon"]
[Black "Hartmann, Rainer"]
[Result "1/2-1/2"]
[WhiteElo "1533"]
[BlackElo "1805"]
[Annotator "Lauf1-Forchheim3"]
[PlyCount "43"]
[EventDate "2006.01.29"]
[SourceDate "2005.10.17"]

1. e4 c5 2. Nf3 d6 3. d4 cxd4 4. Nxd4 Nf6 5. Nc3 a6 6. f3 Bd7 7. Be3 Nc6 8. Be2
e6 9. Qd2 Be7 10. O-O O-O 11. Rfd1 Qc7 12. a4 Rac8 13. Nb3 Rfd8 14. a5 Qb8 15.
Bb6 Rf8 16. Nd4 Nxd4 17. Qxd4 Bc6 18. Qd2 Nd7 19. Bf2 Nf6 20. Bb6 Nd7 21. Bf2
Nf6 22. Bb6 1/2-1/2

[Event "Mittelfrankenliga 05/06 (B2a)"]
[Site "Mfr.2005/06-R5"]
[Date "2006.01.29"]
[Round "5.8"]
[White "Krausser, Hans"]
[Black "Noettling, Dominik"]
[Result "1-0"]
[WhiteElo "1874"]
[BlackElo "1463"]
[Annotator "Lauf1-Forchheim3"]
[PlyCount "53"]
[EventDate "2006.01.29"]
[SourceDate "2005.10.17"]

1. e4 e5 2. Nf3 Nc6 3. Bc4 Bc5 4. d3 Nf6 5. Nc3 O-O 6. O-O d6 7. h3 h6 8. Na4
Bb6 9. Nxb6 axb6 10. a3 Qe7 11. Be3 Be6 12. Bxe6 Qxe6 13. Nh4 Ne7 14. c4 c5 15.
Qd2 Nh7 16. g4 h5 17. Nf5 hxg4 18. hxg4 Nxf5 19. gxf5 Qf6 20. f3 Kh8 21. Kg2
Rg8 22. Rh1 g6 23. Rxh7+ Kxh7 24. Rh1+ Kg7 25. Bh6+ Kh7 26. Bf8+ Qh4 27. Rxh4#
1-0

[Event "Mittelfrankenliga 05/06 (B2a)"]
[Site "Mfr.2005/06-R5"]
[Date "2006.01.29"]
[Round "5.1"]
[White "Auer, Guenther"]
[Black "Seeger, Peter"]
[Result "1-0"]
[WhiteElo "2009"]
[BlackElo "2021"]
[Annotator "Eckental1-Altensittenbach2"]
[PlyCount "63"]
[EventDate "2006.01.29"]
[SourceDate "2005.10.17"]

1. d4 Nf6 2. Nf3 c5 3. e3 g6 4. c4 Bg7 5. Nc3 O-O 6. Be2 d5 7. dxc5 Qa5 8. O-O
dxc4 9. Bxc4 Qxc5 10. Qe2 Bg4 11. Bb3 Qh5 12. h3 Nc6 13. hxg4 Nxg4 14. Rd1 Bxc3
15. bxc3 Nce5 16. e4 g5 17. Re1 h6 18. Be3 Rac8 19. c4 Rfd8 20. c5 Rc6 21. Rad1
Rxd1 22. Qxd1 Rf6 23. Nxe5 Qh2+ 24. Kf1 Nxe5 25. Qd8+ Kg7 26. Qxe7 Nd3 27. Bd4
Qh1+ 28. Ke2 Qxe1+ 29. Kxd3 Qb1+ 30. Kc4 Qf1+ 31. Kb4 Qe1+ 32. Ka4 1-0

[Event "Mittelfrankenliga 05/06 (B2a)"]
[Site "Mfr.2005/06-R5"]
[Date "2006.01.29"]
[Round "5.2"]
[White "Rohrbach, Frank"]
[Black "Roesel, Gert"]
[Result "1/2-1/2"]
[WhiteElo "2079"]
[BlackElo "1889"]
[Annotator "Eckental1-Altensittenbach2"]
[PlyCount "61"]
[EventDate "2006.01.29"]
[SourceDate "2005.10.17"]

1. d4 Nf6 2. c4 e6 3. Nf3 b6 4. g3 Bb7 5. Bg2 Be7 6. O-O O-O 7. Nc3 d5 8. cxd5
exd5 9. Ne5 c6 10. Qa4 Qd6 11. Rd1 Nbd7 12. Bf4 Qe6 13. Rac1 Nxe5 14. dxe5 Nh5
15. Be3 Qxe5 16. Nxd5 cxd5 17. Qd7 Bc8 18. Rxd5 Qxe3 19. Rxc8 Qxe2 20. Rxa8
Qe1+ 21. Bf1 Rxa8 22. Rxh5 g6 23. Rd5 Bc5 24. Rd2 a5 25. Qd5 Re8 26. Kg2 Kg7
27. Bc4 Re6 28. Re2 Rxe2 29. Qxf7+ Kh6 30. Qf4+ Kg7 31. Qf7+ 1/2-1/2

[Event "Mittelfrankenliga 05/06 (B2a)"]
[Site "Mfr.2005/06-R5"]
[Date "2006.01.29"]
[Round "5.3"]
[White "Endres, Christian"]
[Black "Reichenberger, Helmut,Dr."]
[Result "0-1"]
[WhiteElo "1736"]
[BlackElo "1837"]
[Annotator "Eckental1-Altensittenbach2"]
[PlyCount "102"]
[EventDate "2006.01.29"]
[SourceDate "2005.10.17"]

1. Nf3 d6 2. d4 c6 3. g3 Nd7 4. Bg2 e5 5. Nc3 Be7 6. O-O Ngf6 7. d5 O-O 8. e4
Nb6 9. b3 cxd5 10. exd5 Bd7 11. a4 a5 12. Bb2 Qc8 13. Qd2 Bh3 14. Nh4 Bxg2 15.
Nxg2 Nbd7 16. Nb5 b6 17. Ne3 Nc5 18. f3 Re8 19. Nc4 Qb8 20. Ba3 Bf8 21. Rad1
Nfd7 22. Rfe1 Nf6 23. Re2 Qd8 24. Qe1 Qb8 25. Bxc5 dxc5 26. Rxe5 Rxe5 27. Nxe5
Qb7 28. c4 Re8 29. Qc3 Nd7 30. Re1 g6 31. Nxd7 Rxe1+ 32. Qxe1 Qxd7 33. Qe5 h5
34. Kg2 Bg7 35. Qe4 Kh7 36. Na3 Qd6 37. Nc2 Qf6 38. Ne1 Qc3 39. Qe2 Qxb3 40.
Qc2 Qe3 41. Nd3 Bd4 42. Nf2 Kg7 43. h4 f5 44. f4 Kf7 45. Qa2 Ke7 46. Qc2 Kd7
47. Qa2 Kc7 48. Qc2 Qe1 49. Qa2 Bxf2 50. Qxf2 Qe4+ 51. Qf3 Qxc4 0-1

[Event "Mittelfrankenliga 05/06 (B2a)"]
[Site "Mfr.2005/06-R5"]
[Date "2006.01.29"]
[Round "5.4"]
[White "Theimer, Matthias"]
[Black "Ammon, Tobias"]
[Result "1/2-1/2"]
[WhiteElo "1748"]
[BlackElo "1735"]
[Annotator "Eckental1-Altensittenbach2"]
[PlyCount "136"]
[EventDate "2006.01.29"]
[SourceDate "2005.10.17"]

1. c4 e5 2. Nc3 Nc6 3. g3 f5 4. Bg2 Nf6 5. e3 Bc5 6. Nge2 e4 7. d4 exd3 8. Qxd3
d6 9. b3 O-O 10. Bb2 Ne5 11. Qc2 c6 12. Rd1 Qe7 13. Na4 Bb4+ 14. Nac3 Ne4 15.
a3 Bxc3+ 16. Nxc3 Nxc3 17. Qxc3 Be6 18. f4 Ng4 19. Rxd6 Bd7 20. O-O Rf7 21. Rd3
Nf6 22. Rfd1 Be6 23. Qa5 Ne4 24. Bxe4 fxe4 25. Rd8+ Rxd8 26. Rxd8+ Rf8 27.
Rxf8+ Qxf8 28. Qxa7 Qe7 29. Qb8+ Kf7 30. Qe5 g6 31. Qxe4 Bf5 32. Qxe7+ Kxe7 33.
Kf2 Bc2 34. b4 Bd3 35. c5 Be4 36. g4 Ke6 37. Bc3 Kd5 38. Ke2 Bg2 39. f5 Bh3 40.
Kf3 gxf5 41. gxf5 Bxf5 42. Kf4 Bc2 43. Be1 Be4 44. h4 Bg6 45. a4 Bc2 46. a5 Bd3
47. h5 Bc2 48. h6 Bd3 49. Bf2 Ke6 50. e4 Bb5 51. Ke3 Bf1 52. Kd4 Bb5 53. Bg3
Bf1 54. Kc3 Bb5 55. Kb3 Bd3 56. e5 Bf1 57. a6 Bxa6 58. Ka4 Bf1 59. Ka5 Bb5 60.
Kb6 Ba6 61. Kc7 Bb5 62. Kxb7 Kd7 63. Bh4 Ba4 64. Bf6 Bb5 65. Kb6 Ba4 66. b5
Bxb5 67. Ka5 Ke6 68. Kb6 Kd7 1/2-1/2

[Event "Mittelfrankenliga 05/06 (B2a)"]
[Site "Mfr.2005/06-R5"]
[Date "2006.01.29"]
[Round "5.5"]
[White "Walter, Bernd[75]"]
[Black "Bauer, Klaus[66]"]
[Result "1-0"]
[WhiteElo "1675"]
[BlackElo "1798"]
[Annotator "Eckental1-Altensittenbach2"]
[PlyCount "63"]
[EventDate "2006.01.29"]
[SourceDate "2005.10.17"]

1. d4 d5 2. c4 e6 3. Nc3 Nf6 4. Bg5 Be7 5. e3 O-O 6. Nf3 a6 7. Rc1 Nbd7 8. Bd3
dxc4 9. Bxc4 b5 10. Bd3 Bb7 11. O-O Rc8 12. a3 c5 13. dxc5 Rxc5 14. Bh4 Bxf3
15. gxf3 Ne5 16. Be2 Qa8 17. f4 Rd8 18. Qc2 Nf3+ 19. Bxf3 Qxf3 20. Bxf6 Bxf6
21. Rcd1 Rdc8 22. Qd3 h6 23. Ne4 Rd5 24. Qb1 Rxd1 25. Nxf6+ gxf6 26. Qxd1 Qh3
27. Kh1 Kf8 28. Rg1 Ke8 29. Rg8+ Ke7 30. Rxc8 e5 31. Qd8+ Ke6 32. Rc6+ 1-0